Statistics for Colors of the Google Logo (with a yellow box)

Click here to take the quiz!

General Stats

  • This quiz has been taken 343 times
  • The average score is 6 of 6

Answer Stats

Color % Correct
Blue
100%
Red
98%
Yellow
97%
Green
88%
Blue
86%
Red
84%

Score Distribution

Percentile by Number Answered

Percent of People with Each Score

Your Score History

You have not taken this quiz